| 000 | 00731 a2200229 4500 | ||
|---|---|---|---|
| 003 | Nust | ||
| 005 | 20170207154008.0 | ||
| 010 | _a 2005937888 | ||
| 020 | _a0672328968 (pbk.) | ||
| 035 | _a(OCoLC)ocm70164236 | ||
| 040 | _cNust | ||
| 082 | 0 | 0 | _a005.133 |
| 100 | 1 | _aHemrajani, Anil. | |
| 245 | 1 | 0 |
_aAgile Java development with Spring, Hibernate and Eclipse e-book _cAnil Hemrajani ; [forewords by Scott W. Ambler and Rod Johnson]. |
| 260 |
_aIndianapolis, Ind. : _bSams, _cc2006. |
||
| 300 |
_axvii, 334 p. : _bill. ; _c23 cm. |
||
| 440 | 0 | _aDeveloper's library | |
| 500 | _aIncludes index. | ||
| 650 | 0 | _aAgile software development. | |
| 650 | 0 |
_aApplication software _xDevelopment. |
|
| 650 | 0 | _aJava (Computer program language) | |
| 942 |
_2ddc _cBK |
||
| 999 |
_c191054 _d191054 |
||